| 000 | 00711nam a2200229 i 4500 | ||
|---|---|---|---|
| 001 | bg | ||
| 100 | 1 | _aBA~9SAR, Yavuz | |
| 245 | 1 | 0 |
_aNonlinear continuum mechanics of solids : _bfundamental mathematical and physical concepts / _cYavuz Ba~9sar, Dieter Weichert. |
| 260 |
_aBerlin [etc.] : _bSpringer, _ccop.2000. |
||
| 300 |
_aX, 193 s. : _brys. + _e24 cm. |
||
| 504 | _aBibliogr. s.185-190. - Indeks. | ||
| 650 | 9 |
_aOśrodki ciągłe _xmechanika _xteoria |
|
| 650 | 9 |
_aMechanika nieliniowa _xteoria |
|
| 700 | 1 | _aWEICHERT, Dieter | |
| 020 | _a354066601X | ||
| 040 | _cBPK | ||
| 041 | 0 | _apl | |
| 080 | _a539.3/.5 | ||
| 920 | _a3-540-66601-X | ||
| 942 | _cKS | ||
| 008 | s pl f |000 0 pol | ||
| 999 |
_c37516 _d37516 |
||
| 856 |
_uhttp://koha.tu.koszalin.pl/cgi-bin/koha/opac-detail.pl?biblionumber=37516 _yKatalog online BPK |
||